000 00508nam a2200181Ia 4500
999 _c14111
_d14111
003 OSt
005 20201022112510.0
008 190216s9999||||xx |||||||||||||| ||und||
020 _a9780140442854
040 _coclc
082 _a881.0108
_bJAY/G
100 _aJay, Peter
_95774
245 4 _aThe Greek Anthology /
_cPeter Jay
260 _bPenguin Books ,
_c1981.
_aLondon:
300 _a442p
650 _aEnglish Literature
942 _cBK
_2ddc
_h881.0108
_iJAY/G
_k881.0108
_mJAY/G